[Event "RUS Cup final (Women)"]
[Site "Khanty-Mansiysk"]
[Date "2022.12.10"]
[Round "3.2"]
[White "Solozhenkina, Elizaveta"]
[Black "Girya, Olga"]
[Result "1/2-1/2"]
[WhiteElo "2295"]
[BlackElo "2398"]
[PlyCount "80"]
[EventDate "2022.12.05"]
[EventType "k.o."]
[EventRounds "3"]
[EventCountry "RUS"]
[SourceTitle "CBM 211 Extra"]
[Source "ChessBase"]
[SourceDate "2023.01.31"]
[SourceVersion "1"]
[SourceVersionDate "2023.01.31"]
[SourceQuality "1"]

1. e4 e5 2. Nf3 Nc6 3. Bb5 Nf6 4. 0-0 Nxe4 5. d4 Nd6 6. dxe5 Nxb5 7. a4 Nbd4 8. Nxd4 d6 9. Nxc6 bxc6 10. Re1 dxe5 11. Rxe5+ Be6 12. Qf3 Qd7 13. Nc3 Bd6 14. Re1 0-0 15. h3 Bf5 16. Ne4 Rfe8 17. Bg5 h6 18. Bh4 Rab8 19. Nxd6 cxd6 20. Qc3 c5 21. Bg3 Rxe1+ 22. Rxe1 Qxa4 23. Bxd6 Rc8 24. b3 Qd4 25. Qg3 Qd2 26. Re7 Qxc2 27. Rxa7 Qd3 28. Qxd3 Bxd3 29. Rc7 Rxc7 30. Bxc7 Bc2 31. Bd6 Bxb3 32. Bxc5 h5 33. h4 Bc4 34. g3 g6 35. f4 f5 36. Kf2 Kf7 37. Ke3 Ke6 38. Kd4 Bb5 39. Bb4 Be2 40. Ba3 Bf3 1/2-1/2

[Event "RUS Cup final (Women)"]
[Site "Khanty-Mansiysk"]
[Date "2022.12.07"]
[Round "2.1"]
[White "Solozhenkina, Elizaveta"]
[Black "Shukhman, Anna"]
[Result "1-0"]
[WhiteElo "2295"]
[BlackElo "2161"]
[PlyCount "93"]
[EventDate "2022.12.05"]
[EventType "k.o."]
[EventRounds "3"]
[EventCountry "RUS"]
[SourceTitle "CBM 211 Extra"]
[Source "ChessBase"]
[SourceDate "2023.01.31"]
[SourceVersion "1"]
[SourceVersionDate "2023.01.31"]
[SourceQuality "1"]

1. d4 f5 2. c4 Nf6 3. Nf3 e6 4. g3 Be7 5. Bg2 0-0 6. 0-0 d6 7. Nc3 Qe8 8. Rb1 a5 9. a3 Nc6 10. b4 Ne4 11. Qc2 axb4 12. axb4 d5 13. b5 Nb4 14. Qb3 dxc4 15. Qxc4 Nxc3 16. Qxc3 Nd5 17. Qc4 Bd6 18. Ne5 Nb6 19. Qb3 Ra4 20. Be3 Rb4 21. Qd3 Rxb1 22. Rxb1 Nd5 23. Bd2 b6 24. e4 Nf6 25. exf5 exf5 26. Bc6 Qh5 27. Qb3+ Kh8 28. f3 h6 29. Ra1 Kh7 30. Ra8 Qh3 31. Qd3 Be6 32. Rxf8 Bxf8 33. Nc4 Bd5 34. Ne3 Bxc6 35. bxc6 g6 36. Ng2 f4 37. Nh4 fxg3 38. Qxg6+ Kh8 39. hxg3 Qe6 40. Nf5 b5 41. Bb4 h5 42. Bxf8 Qe1+ 43. Kg2 Qe2+ 44. Kh3 Qf1+ 45. Kh4 Qh1+ 46. Kg5 Nh7+ 47. Kh6 1-0

[Event "RUS-chT Blitz (Women)"]
[Site "Sochi"]
[Date "2022.10.17"]
[Round "1.4"]
[White "Reger, Valeriia"]
[Black "Solozhenkina, Elizaveta"]
[Result "1/2-1/2"]
[WhiteElo "2039"]
[BlackElo "2295"]
[PlyCount "90"]
[EventDate "2022.10.17"]
[EventType "team-swiss (blitz)"]
[EventRounds "11"]
[EventCountry "RUS"]
[SourceTitle "CBM 210 Extra"]
[Source "ChessBase"]
[SourceDate "2022.11.30"]
[SourceVersion "1"]
[SourceVersionDate "2022.11.30"]
[SourceQuality "1"]
[WhiteTeam "St Petersburg SShOR (W) II"]
[BlackTeam "Cheliabinsk Yuzhnyy Ural (W)"]
[WhiteTeamCountry "RUS"]
[BlackTeamCountry "RUS"]

1. d4 Nf6 2. Nf3 e6 3. Bf4 d5 4. e3 Bd6 5. Bg3 0-0 6. Nbd2 c5 7. c3 Nc6 8. Bd3 b6 9. e4 Bxg3 10. hxg3 h6 11. e5 Nh7 12. Qc2 Ng5 13. Rh5 Nxf3+ 14. Nxf3 cxd4 15. Bb5 Bd7 16. Bxc6 Bxc6 17. Nxd4 Bd7 18. 0-0-0 f5 19. Rdh1 Rf7 20. Qd2 Qf8 21. Nf3 Be8 22. R5h4 Rc7 23. Nd4 Re7 24. g4 fxg4 25. Rxg4 Kh7 26. Qd3+ Kh8 27. Qe3 Kh7 28. Rh3 Rc8 29. Kb1 b5 30. Qd3+ Kh8 31. Rf3 Qg8 32. Nxb5 Bxb5 33. Qxb5 Rb8 34. Qc5 Reb7 35. b3 Rc8 36. Qd4 Qd8 37. Qd2 Qa5 38. Rh3 Qa3 39. Rg6 Rxb3+ 40. axb3 Qxb3+ 41. Qb2 Qd1+ 42. Ka2 Qa4+ 43. Kb1 Qd1+ 44. Ka2 Qa4+ 45. Kb1 Qd1+ 1/2-1/2

[Event "RUS-ch Rapid (Women)"]
[Site "Sochi"]
[Date "2022.10.15"]
[Round "5"]
[White "Khlichkova, Tatiana"]
[Black "Solozhenkina, Elizaveta"]
[Result "1-0"]
[WhiteElo "2191"]
[BlackElo "2295"]
[PlyCount "109"]
[EventDate "2022.10.15"]
[EventType "swiss (rapid)"]
[EventRounds "11"]
[EventCountry "RUS"]
[SourceTitle "CBM 210 Extra"]
[Source "ChessBase"]
[SourceDate "2022.11.30"]
[SourceVersion "1"]
[SourceVersionDate "2022.11.30"]
[SourceQuality "1"]

1. d4 Nf6 2. Bg5 Ne4 3. Bf4 d5 4. e3 e6 5. Bd3 Nf6 6. Nd2 Bd6 7. Bg3 0-0 8. c3 c5 9. f4 b6 10. Ngf3 Ba6 11. Qe2 Qc8 12. 0-0 Qb7 13. c4 dxc4 14. Nxc4 Be7 15. Bh4 Rd8 16. Rad1 Nc6 17. dxc5 bxc5 18. Nfe5 Nb4 19. Bb1 Rxd1 20. Rxd1 Rd8 21. Rxd8+ Bxd8 22. Qd1 Qd5 23. Qxd5 Nbxd5 24. Be1 Bc7 25. Bd2 Kf8 26. g3 h6 27. h3 Nb6 28. b3 Nfd5 29. e4 Ne7 30. Bd3 Bb7 31. Be3 f6 32. Nxb6 axb6 33. Nc4 Nc6 34. Nb2 Ke7 35. Kf2 Nb4 36. Bb1 Ba6 37. Ke1 g5 38. a3 Nc6 39. Bd3 Bxd3 40. Nxd3 Na5 41. b4 Nc4 42. Bc1 cxb4 43. Nxb4 Nd6 44. e5 Ne4 45. exf6+ Kxf6 46. fxg5+ hxg5 47. g4 Ke5 48. Ke2 Kd4 49. Kf3 Nc3 50. Bxg5 e5 51. Bf6 Kc4 52. g5 b5 53. g6 e4+ 54. Kg2 e3 55. g7 1-0

[Event "RUS-ch Rapid (Women)"]
[Site "Sochi"]
[Date "2022.10.15"]
[Round "3"]
[White "Loskutova, Viktoriya"]
[Black "Solozhenkina, Elizaveta"]
[Result "1-0"]
[WhiteElo "2076"]
[BlackElo "2295"]
[PlyCount "101"]
[EventDate "2022.10.15"]
[EventType "swiss (rapid)"]
[EventRounds "11"]
[EventCountry "RUS"]
[SourceTitle "CBM 210 Extra"]
[Source "ChessBase"]
[SourceDate "2022.11.30"]
[SourceVersion "1"]
[SourceVersionDate "2022.11.30"]
[SourceQuality "1"]

1. e4 e6 2. d4 d5 3. Nd2 Be7 4. Ngf3 Nf6 5. e5 Nfd7 6. c3 c5 7. Bd3 b6 8. 0-0 Ba6 9. Bxa6 Nxa6 10. Re1 0-0 11. Nf1 b5 12. Ng3 Nc7 13. Nh5 a5 14. Qd2 c4 15. Qf4 f5 16. exf6 Nxf6 17. Nxf6+ Rxf6 18. Qg4 b4 19. Ne5 Ra6 20. Re3 Ne8 21. Rg3 Rf5 22. Qe2 a4 23. Ng4 Kh8 24. Re3 Nc7 25. Re5 Bd6 26. Rxf5 exf5 27. Ne5 Bxe5 28. dxe5 bxc3 29. bxc3 Qe7 30. Rb1 h6 31. f4 a3 32. Be3 Qd7 33. Qc2 Ra8 34. Rb6 Ra6 35. Rb7 Qc8 36. Qb1 Ra8 37. Qb6 Ne6 38. Re7 Nf8 39. Qb7 Qxb7 40. Rxb7 Ne6 41. Rb6 Nc7 42. Bc5 Kg8 43. g3 Rc8 44. Rc6 Rb8 45. Rxc7 Rb1+ 46. Kg2 Rb2+ 47. Kh3 Rxa2 48. Ra7 d4 49. Rxa3 Rxa3 50. Bxa3 d3 51. Bc1 1-0

[Event "RUS-ch Blitz (Women)"]
[Site "Sochi"]
[Date "2022.10.14"]
[Round "4"]
[White "Solozhenkina, Elizaveta"]
[Black "Borisova, Ekaterina"]
[Result "1-0"]
[WhiteElo "2295"]
[BlackElo "2234"]
[PlyCount "59"]
[EventDate "2022.10.14"]
[EventType "swiss (blitz)"]
[EventRounds "13"]
[EventCountry "RUS"]
[SourceTitle "CBM 210 Extra"]
[Source "ChessBase"]
[SourceDate "2022.11.30"]
[SourceVersion "1"]
[SourceVersionDate "2022.11.30"]
[SourceQuality "1"]

1. e4 e5 2. Nf3 Nc6 3. Nc3 g6 4. d4 exd4 5. Nxd4 Bg7 6. Be3 Nge7 7. Bc4 d6 8. 0-0 0-0 9. a4 Ne5 10. Be2 d5 11. f4 Nc4 12. Bxc4 dxc4 13. Qd2 a6 14. Rad1 c5 15. Nf3 Qb6 16. e5 Nf5 17. Nd5 Qxb2 18. Bxc5 c3 19. Qxc3 Qxc3 20. Nxc3 Re8 21. Nd5 Be6 22. Nc7 Rac8 23. Nxe8 Rxc5 24. Rd8 Bf8 25. Nf6+ Kg7 26. Ng5 Bc4 27. Rfd1 Ne3 28. R1d7 h6 29. Ngh7 Be7 30. Rg8# 1-0

[Event "Cheliabinsk Panchenko Memorial op-B"]
[Site "Cheliabinsk"]
[Date "2022.09.17"]
[Round "6"]
[White "Solozhenkina, Elizaveta"]
[Black "Srdanovic, Jovana"]
[Result "1-0"]
[WhiteElo "2282"]
[BlackElo "2200"]
[PlyCount "75"]
[EventDate "2022.09.12"]
[EventType "swiss"]
[EventRounds "10"]
[EventCountry "RUS"]
[SourceTitle "CBM 210 Extra"]
[Source "ChessBase"]
[SourceDate "2022.11.30"]
[SourceVersion "1"]
[SourceVersionDate "2022.11.30"]
[SourceQuality "1"]

1. e4 c5 2. Nf3 Nc6 3. Bb5 g6 4. Bxc6 dxc6 5. d3 Bg7 6. h3 Nf6 7. Nc3 Nd7 8. Be3 e5 9. 0-0 Qe7 10. a3 Nf8 11. Na4 Ne6 12. b4 b6 13. Qd2 Nd4 14. Nxd4 cxd4 15. Bh6 Bxh6 16. Qxh6 f6 17. f4 Be6 18. fxe5 fxe5 19. Rf3 0-0-0 20. Raf1 Kb8 21. Rf6 Bf5 22. R1xf5 gxf5 23. exf5 Rc8 24. Nb2 b5 25. Re6 Qc7 26. Nd1 e4 27. Rxe4 c5 28. Nf2 cxb4 29. axb4 Qxc2 30. Qd6+ Qc7 31. Qxd4 Rhe8 32. Rxe8 Rxe8 33. Ne4 Rd8 34. Qe3 Qe5 35. f6 Rf8 36. Qf2 Qa1+ 37. Kh2 Qc1 38. Nc5 1-0

[Event "Cheliabinsk Panchenko Memorial op-B"]
[Site "Cheliabinsk"]
[Date "2022.09.14"]
[Round "3"]
[White "Prudnikova, Svetlana"]
[Black "Solozhenkina, Elizaveta"]
[Result "1/2-1/2"]
[WhiteElo "2151"]
[BlackElo "2282"]
[PlyCount "27"]
[EventDate "2022.09.12"]
[EventType "swiss"]
[EventRounds "10"]
[EventCountry "RUS"]
[SourceTitle "CBM 210 Extra"]
[Source "ChessBase"]
[SourceDate "2022.11.30"]
[SourceVersion "1"]
[SourceVersionDate "2022.11.30"]
[SourceQuality "1"]

1. d4 Nf6 2. c4 e6 3. Nf3 d5 4. Nc3 dxc4 5. e3 c5 6. Bxc4 a6 7. 0-0 b5 8. Be2 Bb7 9. dxc5 Qxd1 10. Rxd1 Bxc5 11. a3 Ke7 12. b4 Bd6 13. Bb2 Nbd7 14. Nd2 1/2-1/2

[Event "RUS-chT (Women)"]
[Site "Sochi"]
[Date "2022.05.09"]
[Round "8.2"]
[White "Solozhenkina, Elizaveta"]
[Black "Usacheva, Glafira"]
[Result "1-0"]
[WhiteElo "2283"]
[BlackElo "1841"]
[PlyCount "119"]
[EventDate "2022.05.01"]
[EventType "team-tourn"]
[EventRounds "9"]
[EventCountry "RUS"]
[SourceTitle "CBM 208 Extra"]
[Source "ChessBase"]
[SourceDate "2022.07.31"]
[SourceVersion "1"]
[SourceVersionDate "2022.07.31"]
[SourceQuality "1"]
[WhiteTeam "Cheliabinsk Yuzhnyy Ural (W)"]
[BlackTeam "Moscow Region (W)"]
[WhiteTeamCountry "RUS"]
[BlackTeamCountry "RUS"]

1. e4 c5 2. Nf3 e6 3. c3 d5 4. exd5 Qxd5 5. d4 Nf6 6. Na3 Nc6 7. Nb5 Qd7 8. dxc5 Bxc5 9. Qxd7+ Kxd7 10. Bg5 a6 11. Rd1+ Ke7 12. Nbd4 Nxd4 13. Nxd4 Rd8 14. Be2 Bxd4 15. cxd4 b5 16. Bf3 Ra7 17. d5 Rad7 18. Rc1 Bb7 19. dxe6 fxe6 20. Bxb7 Rxb7 21. 0-0 Rd5 22. Be3 Rbd7 23. Rfe1 a5 24. h3 g5 25. Rc6 Ne4 26. Kh2 Nd6 27. a3 Kf7 28. b4 Nc4 29. Bc5 a4 30. Rcxe6 Nxa3 31. Re8 Nc4 32. Rf8+ Kg7 33. Ree8 a3 34. Ra8 Rf7 35. Rg8+ Kf6 36. g4 h6 37. Rgb8 Ke5 38. Kg2 Ke4 39. Rxb5 Kd3 40. Rbb8 Kc2 41. Ra6 Kb3 42. Rba8 Rh7 43. Bf8 Rb5 44. Bc5 Rd7 45. Kh2 Rd2 46. R6a7 Rd3 47. Kg2 Kb2 48. Bf8 Nb6 49. Bg7+ Ka2 50. Rb8 Rxb4 51. Rab7 Rdb3 52. Bxh6 Kb1 53. Bxg5 a2 54. Bf6 a1Q 55. Bxa1 Kxa1 56. g5 Rb5 57. h4 Kb2 58. g6 R3b4 59. Kg3 Rb3+ 60. f3 1-0

[Event "RUS-ch U20 Girls"]
[Site "Sochi"]
[Date "2022.04.22"]
[Round "2"]
[White "Nur Mukhametova, Alisa"]
[Black "Solozhenkina, Elizaveta"]
[Result "1-0"]
[WhiteElo "2225"]
[BlackElo "2307"]
[PlyCount "73"]
[EventDate "2022.04.21"]
[EventType "tourn"]
[EventRounds "9"]
[EventCountry "RUS"]
[SourceTitle "CBM 208 Extra"]
[Source "ChessBase"]
[SourceDate "2022.07.31"]
[SourceVersion "1"]
[SourceVersionDate "2022.07.31"]
[SourceQuality "1"]

1. c4 e6 2. Nc3 d5 3. d4 Nf6 4. Bg5 Be7 5. Nf3 0-0 6. e3 Nbd7 7. Rc1 Re8 8. Bd3 dxc4 9. Bxc4 c5 10. 0-0 a6 11. a4 cxd4 12. exd4 Nb6 13. Bd3 h6 14. Bh4 Nfd5 15. Bg3 Bd7 16. a5 Nxc3 17. bxc3 Nd5 18. Ne5 f6 19. Nxd7 Qxd7 20. Bc2 Qc8 21. Bg6 Rd8 22. Qf3 Bd6 23. Rfe1 Bxg3 24. hxg3 Rd6 25. c4 Ne7 26. Be4 Rb8 27. Red1 Qc7 28. Qb3 b6 29. Rb1 Qd8 30. c5 Rxd4 31. Qxe6+ Kf8 32. Rxd4 Qxd4 33. cxb6 Qc5 34. Bd3 Nc6 35. Bh7 Ne7 36. Re1 Qb4 37. Bd3 1-0

[Event "RUS-ch U20 Girls"]
[Site "Sochi"]
[Date "2022.04.21"]
[Round "1"]
[White "Solozhenkina, Elizaveta"]
[Black "Miroshnik, Ekaterina"]
[Result "1-0"]
[WhiteElo "2307"]
[BlackElo "2145"]
[PlyCount "99"]
[EventDate "2022.04.21"]
[EventType "tourn"]
[EventRounds "9"]
[EventCountry "RUS"]
[SourceTitle "CBM 208 Extra"]
[Source "ChessBase"]
[SourceDate "2022.07.31"]
[SourceVersion "1"]
[SourceVersionDate "2022.07.31"]
[SourceQuality "1"]

1. e4 e5 2. Nf3 Nc6 3. Bb5 a6 4. Ba4 Nf6 5. 0-0 Be7 6. Re1 b5 7. Bb3 0-0 8. c3 d6 9. h3 Nb8 10. d4 Nbd7 11. c4 Bb7 12. Nc3 c6 13. a3 Rc8 14. Bg5 Re8 15. Bh4 Nh5 16. Bxe7 Qxe7 17. cxb5 axb5 18. g3 Nhf6 19. Qe2 exd4 20. Nxd4 Nc5 21. Bc2 g6 22. Rad1 Rcd8 23. Qd2 Qf8 24. b4 Ncd7 25. f4 Qg7 26. Kh2 Nb6 27. Bb3 Nfd7 28. Qa2 Nf8 29. Re3 d5 30. e5 Qh6 31. Qf2 Ra8 32. Ra1 Ne6 33. Nce2 Nxd4 34. Nxd4 Nd7 35. Rc3 Ra6 36. Qc2 Nb8 37. Qe2 Bc8 38. h4 Bd7 39. Bc2 Qg7 40. Re3 Ra8 41. Rf1 Na6 42. f5 c5 43. bxc5 Nxc5 44. Rf4 gxf5 45. Bxf5 Kh8 46. Bxd7 Nxd7 47. e6 Nf6 48. Qf3 Ne4 49. exf7 Re5 50. f8Q+ 1-0

[Event "Cheliabinsk Lozovatsky Memorial-A"]
[Site "Cheliabinsk"]
[Date "2022.01.31"]
[Round "10"]
[White "Solozhenkina, Elizaveta"]
[Black "Usov, Aleksandr E"]
[Result "1/2-1/2"]
[WhiteElo "2325"]
[BlackElo "2245"]
[PlyCount "85"]
[EventDate "2022.01.22"]
[EventType "swiss"]
[EventRounds "10"]
[EventCountry "RUS"]
[SourceTitle "EXT 2023"]
[Source "ChessBase"]
[SourceDate "2022.10.05"]
[SourceVersion "1"]
[SourceVersionDate "2022.10.05"]
[SourceQuality "1"]

1. e4 c6 2. d4 d5 3. e5 Bf5 4. Nf3 e6 5. Be2 c5 6. Be3 cxd4 7. Nxd4 Ne7 8. c4 Nbc6 9. Nc3 Nxd4 10. Bxd4 dxc4 11. Qa4+ Nc6 12. Rd1 Bd3 13. Be3 Bb4 14. Bxd3 cxd3 15. Qb5 0-0 16. 0-0 Qa5 17. Qxb7 Bxc3 18. bxc3 Nxe5 19. Bd4 Ng6 20. Rxd3 e5 21. Be3 Qxa2 22. Rd7 a5 23. g3 a4 24. h4 Rfb8 25. Qc7 Rc8 26. Qb7 a3 27. Ba7 h5 28. Rfd1 Nf8 29. Re7 Rd8 30. Re1 Qd5 31. Ra1 Qc4 32. Rxa3 Ng6 33. Rc7 Qg4 34. Kh2 e4 35. Rxf7 Ne5 36. Rf4 Nf3+ 37. Kg2 Nxh4+ 38. Kh2 Nf3+ 39. Kg2 Ne1+ 40. Kh2 Nf3+ 41. Kg2 Ne1+ 42. Kh2 Nf3+ 43. Kg2 1/2-1/2

[Event "Cheliabinsk Lozovatsky Memorial-A"]
[Site "Cheliabinsk"]
[Date "2022.01.23"]
[Round "2"]
[White "Solozhenkina, Elizaveta"]
[Black "Petrukhina, Olga"]
[Result "1-0"]
[WhiteElo "2325"]
[BlackElo "2007"]
[PlyCount "119"]
[EventDate "2022.01.22"]
[EventType "swiss"]
[EventRounds "10"]
[EventCountry "RUS"]
[SourceTitle "CBM 206 Extra"]
[Source "ChessBase"]
[SourceDate "2022.03.31"]
[SourceVersion "1"]
[SourceVersionDate "2022.03.31"]
[SourceQuality "1"]

1. e4 e6 2. d4 d5 3. Nc3 Bb4 4. e5 c5 5. a3 Bxc3+ 6. bxc3 Ne7 7. Qg4 cxd4 8. Qxg7 Rg8 9. Qxh7 Qc7 10. Ne2 Nbc6 11. f4 dxc3 12. h4 Bd7 13. h5 0-0-0 14. Qd3 d4 15. h6 Rg6 16. h7 Rh8 17. g3 Rg7 18. Bg2 Qb6 19. Be4 Ng6 20. a4 a6 21. Ba3 Rgxh7 22. Rxh7 Rxh7 23. 0-0-0 Rh2 24. Nxc3 dxc3 25. Qxd7+ Kb8 26. Qe8+ Ka7 27. Bxc6 Qe3+ 28. Kb1 Rd2 29. Rc1 Qb6+ 30. Ka1 Qxc6 31. Qxc6 bxc6 32. Bc5+ Kb7 33. Kb1 Rg2 34. Rg1 Re2 35. Rd1 Rd2 36. Kc1 Rd5 37. Bb4 Kb6 38. Rxd5 cxd5 39. Kd1 d4 40. Ke2 Kc6 41. Kd3 Kd5 42. a5 f6 43. exf6 e5 44. fxe5 Nxe5+ 45. Ke2 Kc4 46. Bd6 Nf7 47. Bc7 d3+ 48. cxd3+ Kb3 49. g4 Nd8 50. Bf4 Ne6 51. Be3 c2 52. g5 Nd4+ 53. Kf2 Nf5 54. Bf4 Nh4 55. f7 Ng6 56. Bd2 Kb2 57. d4 c1Q 58. Bxc1+ Kxc1 59. d5 Kd2 60. d6 1-0

[Event "Motiva Online Blitz (Women)"]
[Site "Chess.com INT"]
[Date "2021.12.18"]
[Round "2"]
[White "Gunina, Valentina"]
[Black "Solozhenkina, Elizaveta"]
[Result "1-0"]
[WhiteElo "2471"]
[BlackElo "2325"]
[PlyCount "67"]
[EventDate "2021.12.18"]
[EventType "swiss (blitz)"]
[EventRounds "13"]
[EventCountry "USA"]
[SourceTitle "CBM 205 Extra"]
[Source "ChessBase"]
[SourceDate "2022.01.31"]
[SourceVersion "1"]
[SourceVersionDate "2022.01.31"]
[SourceQuality "1"]

1. d4 Nf6 2. c4 e6 3. Nf3 d5 4. Nc3 Be7 5. Bg5 0-0 6. e3 h6 7. Bh4 Ne4 8. Bxe7 Qxe7 9. Rc1 Nxc3 10. Rxc3 c6 11. Bd3 Nd7 12. 0-0 dxc4 13. Bxc4 b6 14. Bd3 c5 15. Be4 Rb8 16. Qc2 Bb7 17. Bxb7 Rxb7 18. Rd1 Rc7 19. b4 Rfc8 20. dxc5 bxc5 21. b5 c4 22. Nd4 Nb6 23. Nc6 Qc5 24. a4 a6 25. Rcd3 Nd5 26. e4 Nf6 27. Rd8+ Ne8 28. h3 axb5 29. axb5 Kf8 30. Qc3 Qxb5 31. Qa3+ Kg8 32. Rxc8 Rxc8 33. Ne7+ Kh7 34. Nxc8 1-0

[Event "Motiva Online Blitz (Women)"]
[Site "Chess.com INT"]
[Date "2021.12.18"]
[Round "4"]
[White "Novikova, Anna"]
[Black "Solozhenkina, Elizaveta"]
[Result "0-1"]
[WhiteElo "2264"]
[BlackElo "2325"]
[PlyCount "26"]
[EventDate "2021.12.18"]
[EventType "swiss (blitz)"]
[EventRounds "13"]
[EventCountry "USA"]
[SourceTitle "CBM 205 Extra"]
[Source "ChessBase"]
[SourceDate "2022.01.31"]
[SourceVersion "1"]
[SourceVersionDate "2022.01.31"]
[SourceQuality "1"]

1. d4 Nf6 2. Nf3 g6 3. g3 Bg7 4. Bg2 0-0 5. 0-0 d5 6. c4 Nc6 7. cxd5 Nxd5 8. Nc3 Nb6 9. Be3 Nc4 10. b3 Nxe3 11. fxe3 e5 12. d5 Ne7 13. e4 h6 0-1

[Event "RUS-chT Rapid (Women)"]
[Site "Sochi"]
[Date "2021.10.15"]
[Round "5.1"]
[White "Solozhenkina, Elizaveta"]
[Black "Dimitrova, Aleksandra"]
[Result "1/2-1/2"]
[WhiteElo "2325"]
[BlackElo "2197"]
[PlyCount "68"]
[EventDate "2021.10.15"]
[EventType "team-swiss (rapid)"]
[EventRounds "9"]
[EventCountry "RUS"]
[SourceTitle "CBM 204 Extra"]
[Source "ChessBase"]
[SourceDate "2021.11.30"]
[SourceVersion "1"]
[SourceVersionDate "2021.11.30"]
[SourceQuality "1"]
[WhiteTeam "Cheliabinsk Yuzhnyy Ural (W)"]
[BlackTeam "Moscow SSh Yunost (W)"]
[WhiteTeamCountry "RUS"]
[BlackTeamCountry "RUS"]

1. e4 c5 2. Nf3 Nc6 3. Bb5 Nf6 4. d3 Qa5+ 5. Nc3 Nd4 6. Bc4 b5 7. Bb3 d6 8. Bd2 Nxb3 9. axb3 Qb6 10. h3 b4 11. Ne2 e6 12. 0-0 Be7 13. Nh2 0-0 14. Kh1 Bb7 15. f4 a5 16. Qe1 Nd7 17. Nf3 Rae8 18. Ng3 Kh8 19. Qe2 f5 20. Ng5 Bxg5 21. fxg5 g6 22. exf5 exf5 23. Qf2 Ne5 24. Ne2 Nc6 25. Rfe1 Qc7 26. Nf4 Ne5 27. Re2 Re7 28. Rae1 Rfe8 29. Be3 Kg8 30. Bd2 Qc6 31. Bc1 Qd7 32. Bd2 Qc6 33. Bc1 Qd7 34. Bd2 Qc6 1/2-1/2

[Event "RUS-chT Rapid (Women)"]
[Site "Sochi"]
[Date "2021.10.15"]
[Round "1.1"]
[White "Solozhenkina, Elizaveta"]
[Black "Garmash, Aliona"]
[Result "1/2-1/2"]
[WhiteElo "2325"]
[BlackElo "2041"]
[PlyCount "66"]
[EventDate "2021.10.15"]
[EventType "team-swiss (rapid)"]
[EventRounds "9"]
[EventCountry "RUS"]
[SourceTitle "CBM 204 Extra"]
[Source "ChessBase"]
[SourceDate "2021.11.30"]
[SourceVersion "1"]
[SourceVersionDate "2021.11.30"]
[SourceQuality "1"]
[WhiteTeam "Cheliabinsk Yuzhnyy Ural (W)"]
[BlackTeam "St Petersburg SShOR (W) II"]
[WhiteTeamCountry "RUS"]
[BlackTeamCountry "RUS"]

1. Nf3 d5 2. g3 g6 3. Bg2 Bg7 4. d4 Nf6 5. 0-0 0-0 6. c3 Nbd7 7. a4 c5 8. a5 e6 9. Bf4 Qe7 10. Nbd2 cxd4 11. cxd4 Nb8 12. Ne5 Nfd7 13. Ndf3 Nc6 14. Qd2 Ndxe5 15. Nxe5 Nxe5 16. dxe5 Bd7 17. Rac1 Bc6 18. h4 Rac8 19. Rfe1 Rc7 20. e4 dxe4 21. Bxe4 Bxe4 22. Rxc7 Qxc7 23. Rxe4 Rd8 24. Rd4 Rxd4 25. Qxd4 Qxa5 26. Qd7 Qb4 27. Qc8+ Bf8 28. Bh6 b6 29. Qb8 Qc5 30. Kg2 Qd5+ 31. Kh2 Qc5 32. Kg2 Qd5+ 33. Kh2 Qc5 1/2-1/2

[Event "RUS-ch Blitz (Women)"]
[Site "Sochi"]
[Date "2021.10.11"]
[Round "1"]
[White "Shestakova, Ekaterina"]
[Black "Solozhenkina, Elizaveta"]
[Result "1/2-1/2"]
[WhiteElo "1903"]
[BlackElo "2325"]
[PlyCount "89"]
[EventDate "2021.10.11"]
[EventType "swiss (blitz)"]
[EventRounds "13"]
[EventCountry "RUS"]
[SourceTitle "CBM 204 Extra"]
[Source "ChessBase"]
[SourceDate "2021.11.30"]
[SourceVersion "1"]
[SourceVersionDate "2021.11.30"]
[SourceQuality "1"]

1. e4 c5 2. c3 Nf6 3. e5 Nd5 4. d4 cxd4 5. Nf3 Nc6 6. cxd4 d6 7. Bc4 dxe5 8. Nxe5 e6 9. 0-0 Bd6 10. Re1 0-0 11. Nxc6 bxc6 12. Nc3 Qc7 13. h3 Nxc3 14. bxc3 c5 15. d5 exd5 16. Bxd5 Rb8 17. Be3 Bf5 18. Qf3 Bg6 19. Be4 Be5 20. Bxg6 hxg6 21. Rac1 Rb2 22. a4 Rb3 23. Qd5 Rxc3 24. Rxc3 Bxc3 25. Rc1 Bf6 26. Qxc5 Qxc5 27. Rxc5 Ra8 28. Rc7 a6 29. Rc6 Be5 30. Kf1 f6 31. Ke2 g5 32. Kf3 Kf7 33. Ke4 g6 34. f3 Ke7 35. Kd5 Kd7 36. Rb6 a5 37. Rb5 Kc7 38. Bb6+ Kd7 39. Rxa5 Rb8 40. Ra7+ Ke8 41. Bc7 Bxc7 42. Rxc7 Ra8 43. Rc4 Kd7 44. g3 Ra5+ 45. Kd4 1/2-1/2

[Event "RUS-ch Blitz (Women)"]
[Site "Sochi"]
[Date "2021.10.11"]
[Round "8"]
[White "Solozhenkina, Elizaveta"]
[Black "Belenkaya, Dina"]
[Result "0-1"]
[WhiteElo "2325"]
[BlackElo "2277"]
[PlyCount "90"]
[EventDate "2021.10.11"]
[EventType "swiss (blitz)"]
[EventRounds "13"]
[EventCountry "RUS"]
[SourceTitle "CBM 204 Extra"]
[Source "ChessBase"]
[SourceDate "2021.11.30"]
[SourceVersion "1"]
[SourceVersionDate "2021.11.30"]
[SourceQuality "1"]

1. Nf3 d5 2. g3 Bg4 3. Bg2 e6 4. 0-0 Nd7 5. d3 c6 6. Nbd2 Ngf6 7. h3 Bh5 8. e4 Bc5 9. Qe2 Qc7 10. Kh1 dxe4 11. Nxe4 Nxe4 12. dxe4 0-0 13. Be3 Bxe3 14. Qxe3 e5 15. Rad1 Rfd8 16. Rd2 f6 17. Nh4 Nb6 18. b3 Rxd2 19. Qxd2 Rd8 20. Qe3 Qd7 21. g4 Bg6 22. Bf3 Qe7 23. Nf5 Bxf5 24. gxf5 Nc8 25. Be2 b5 26. Qc3 Qb7 27. a4 b4 28. Bc4+ Kh8 29. Qf3 Rd4 30. Rd1 Qd7 31. Rd3 Nd6 32. Be6 Qc7 33. Rxd4 exd4 34. Qg3 Ne8 35. Qg4 Qd6 36. Qh5 Qe7 37. f3 c5 38. Qh4 Nd6 39. Qf4 Ne8 40. Qb8 h6 41. Qc8 Kh7 42. Bd7 Nd6 43. Qc6 Qe5 44. Be6 Qg3 45. Qa8 Qxh3+ 0-1